000 00685cam a2200229 4500
001 20330
005 20230410103737.0
008 060907s2002 fr fre
020 _a2035053285
035 _9funglode20482
041 _afre
050 1 4 _a318 DC 415
_bM566p 2002
100 1 _aMermet, Gérard
245 1 0 _aPour comprendre les francais :
_bfrancoscopie 2003 /
_cGérard Mermet
260 _aParis :
_bLarousse,
_c2002
300 _a516 p.
651 0 _aFrance
_xCivilization
_y1945-
_vPeriodicals.
650 0 _aNational characteristics, French
651 4 _aFrancia
_xCivilización
_ySiglo XX
650 4 _aFrancia
_xCaracterísticas nacionales.
942 _2lcc
_cbk
999 _c25001
_d25001